| 000 | 00897cam a22002897a 4500 | ||
|---|---|---|---|
| 003 | CHAP | ||
| 005 | 20220329140532.0 | ||
| 008 | 971013s1979 r 00010 d | ||
| 010 | _a53516 | ||
| 011 | _a54488 | ||
| 035 | _a58639 | ||
| 040 | _cCHAP | ||
| 082 |
_a580 _bW47 |
||
| 100 | 0 | 0 |
_aWerger, M. J. A. _9121491 |
| 245 | 1 | 4 |
_aThe study of vegetation _b: a review of the developments in the various branches of vegetation science... |
| 260 |
_aThe Hague : _bJunk, _c1979 |
||
| 300 | _a316 p. | ||
| 590 |
_aBATCH-UPD _b10 _c20130110 _lUCH01 _h1819 |
||
| 590 |
_aBATCH-UPD _b10 _c20130410 _lUCH01 _h1153 |
||
| 590 |
_aBATCH-UPD _b10 _c20130914 _lUCH01 _h0733 |
||
| 590 |
_aCONVERSION _b10 _c20130109 _lUCH01 _h1329 |
||
| 650 | 1 | 4 |
_aBotánica. _914477 |
| 650 | 1 | 4 |
_aEcología vegetal. _935188 |
| 901 | _aBK | ||
| 942 | _cLIBRO | ||
| 949 |
_a580 W47 _bBC _cLIBRO _d33724000682464 _eLIBRO _h56031 _i58639 _si |
||
| 999 |
_c53516 _d53516 |
||